| 000 | 00525nam a2200181Ia 4500 | ||
|---|---|---|---|
| 005 | 20250508152550.0 | ||
| 008 | 008 250505s9999 xx 000 0 eng d | ||
| 037 | _aBooks to be hide in OPAC | ||
| 040 |
_aFEDL _beng _cFEDL |
||
| 041 |
_aeng _2eng |
||
| 084 |
_a750.954, RAN/O _qFEDL |
||
| 100 | _aRandhawa M S | ||
| 245 | 0 | _aBasohli painting | |
| 260 |
_aCalcutta, India _bMinistry of Information and Broadcasting _c1959 |
||
| 300 | _a125p. | ||
| 942 |
_cHB _h750.954, RAN/O |
||
| 999 |
_c1337278 _d1337278 |
||